| 000 | 00654cam a2200229 a 4500 | ||
|---|---|---|---|
| 999 |
_c5792 _d5792 |
||
| 001 | 5792 | ||
| 003 | BD - JCC | ||
| 005 | 20180328173548.0 | ||
| 008 | 860101s1964 enka 000 0aeng d | ||
| 035 | _a(BD - JCC)5792 | ||
| 040 |
_aKKU _cKKU _dUKM _dEQO _dBD - JCC |
||
| 041 | _aeng | ||
| 082 | 0 |
_a658.92233 _218 _bGET |
|
| 090 |
_aHD9570.G4 _bA3 1964 |
||
| 100 | 1 |
_aGetty, J. Paul _q(Jean Paul), _d1892-1976. |
|
| 245 | 1 | 0 |
_aMy life and fortunes / _cJ. Paul Getty. |
| 260 |
_aLondon : _bGeorge Allen & Unwin, _c[1964] |
||
| 300 |
_a321 p. : _bill. ; _c22 cm |
||
| 650 | 0 |
_aPetroleum industry and trade _zUnited States. |
|
| 942 |
_2ddc _cBK |
||